000 00611nam a2200217Ia 4500
003 OSt
005 20220928111804.0
006 a|||||r|||| 00| 0
007 ta
008 220927b |||||||| |||| 00| 0 hin d
024 _a138427
037 _cTextual
040 _aSDCL
_cSDCL
_bhin
041 _2hin
_ahin
082 _aV2:9'N77t, L8
245 0 _aBharat me lok sabha ke chathe sadharan nirvachan aur Kerala Vidhan sabha ke sadharan nirvachan 1977 ki report
260 _aNew Delhi
_c1978
300 _aii,136p.
_ccm.
942 _hV2:9'N77t, L8
_cTEXL
_2CC
999 _c742067
_d742067